Arts and Culture of Bhutan : (Record no. 8764)

MARC details
000 -LEADER
fixed length control field 00472nam a22001577a 4500
008 - FIXED-LENGTH DATA ELEMENTS--GENERAL INFORMATION
fixed length control field 210519b ||||| |||| 00| 0 eng d
020 ## - INTERNATIONAL STANDARD BOOK NUMBER
International Standard Book Number 9789993693581
082 ## - DEWEY DECIMAL CLASSIFICATION NUMBER
Classification number 954.98 TAS
100 ## - MAIN ENTRY--PERSONAL NAME
Personal name Tashi, Phuntsho Khenpo
245 ## - TITLE STATEMENT
Title Arts and Culture of Bhutan :
Remainder of title Reflections on Bhutanese cultural wisdom over time
250 ## - EDITION STATEMENT
Edition statement 1st ed.
260 ## - PUBLICATION, DISTRIBUTION, ETC.
Place of publication, distribution, etc. Thimphu :
Name of publisher, distributor, etc. Department of culture,
Date of publication, distribution, etc. 2019.
300 ## - PHYSICAL DESCRIPTION
Extent 684 p.
Other physical details ill,
Dimensions 28 cm.
650 ## - SUBJECT ADDED ENTRY--TOPICAL TERM
Topical term or geographic name entry element Culture of Bhutan
942 ## - Added entry Elements (Koha)
Source of classification or shelving scheme Dewey Decimal Classification
Holdings
Withdrawn status Lost status Source of classification or shelving scheme Damaged status Not for loan Collection code Home library Current library Shelving location Date acquired Serial Enumeration / chronology Total Checkouts Total Renewals Full call number Barcode Date last seen Date last checked out Price effective from Koha item type
    Dewey Decimal Classification     Main TEST RTC Library RTC Library Main opac 19/05/2021 15095 3 1 954.98 TAS 30014956 20/09/2024 20/09/2024 19/05/2021 Main
Royal Thimphu College || All Right Reserved